[Event "Boksburg Inter Region-ch"]
[Site "Boksburg"]
[Date "2016.12.22"]
[Round "5.3"]
[White "Makhubela, Linda"]
[Black "Grootboom, Elrich E"]
[Result "0-1"]
[WhiteElo "1622"]
[BlackElo "1612"]
[PlyCount "104"]
[EventDate "2016.12.20"]
[EventType "team-swiss"]
[EventRounds "7"]
[EventCountry "RSA"]
[SourceTitle "CBM 176 Extra"]
[Source "ChessBase"]
[SourceDate "2017.03.02"]
[SourceVersion "1"]
[SourceVersionDate "2017.03.02"]
[SourceQuality "1"]
[WhiteTeam "Johannesburg Metro II"]
[BlackTeam "Vorster Force"]
[WhiteTeamCountry "RSA"]
[BlackTeamCountry "RSA"]

1. e4 d6 2. d4 Nf6 3. Nc3 g6 4. Bc4 Bg7 5. Bb3 0-0 6. Nge2 Nbd7 7. f3 c5 8. Be3 Qa5 9. Qd2 e6 10. h4 a6 11. h5 Nxh5 12. g4 Nhf6 13. Bh6 cxd4 14. Nxd4 Qe5 15. Bxg7 Qg3+ 16. Kd1 Kxg7 17. Qh6+ Kg8 18. Nce2 Qe5 19. Kc1 Re8 20. c3 Nf8 21. Kc2 Nxg4 22. fxg4 Qxe4+ 23. Kd2 e5 24. Bc2 Qd5 25. c4 Qa5+ 26. Kc1 exd4 27. Bd3 Bxg4 28. Nf4 Re1+ 29. Kc2 Rxa1 30. Rxa1 Re8 31. Nd5 Qd8 32. Qf4 f5 33. Qxd4 Re5 34. Rf1 Ne6 35. Qf2 Nc5 36. Re1 Nxd3 37. Kxd3 Rxe1 38. Qxe1 Kf7 39. Qc3 Bf3 40. Ne3 Qe7 41. Qh8 h5 42. Qh7+ Kf6 43. Qh8+ Kg5 44. Kd2 f4 45. Nc2 Qe2+ 46. Kc3 Qe5+ 47. Qxe5+ dxe5 48. b4 Bc6 49. Kb3 h4 50. a4 h3 51. b5 Be4 52. bxa6 bxa6 0-1